| 000 | 00438pab a2200157 454500 | ||
|---|---|---|---|
| 008 | 180718b2005 xxu||||| |||| 00| 0 eng d | ||
| 100 | _aRogers, Carl R. | ||
| 245 | _aReminiscing and predicting: Rogers's beyond words speech and commentary | ||
| 260 | _c2005 | ||
| 300 | _ap.383-96. | ||
| 362 | _aSummer | ||
| 650 | _aTherapy | ||
| 700 | _aCornelius-White, Jeffrey H.D. | ||
| 773 | _aJournal of Humanistic Psychology | ||
| 909 | _a66555 | ||
| 999 |
_c66555 _d66555 |
||